| 000 | 00751nam a2200229 a 4500 | ||
|---|---|---|---|
| 999 |
_c2992 _d2992 |
||
| 001 | 2992 | ||
| 003 | BD-JhCC | ||
| 005 | 20171108210020.0 | ||
| 008 | 171108s1977 bg a|||| |||| 000 0 ben d | ||
| 035 | _a(BD-JhCC)2992 | ||
| 040 |
_aBD-JhCC _dBD-JhCC |
||
| 041 | _aben | ||
| 082 |
_a891.4435 _bMAS 1977 |
||
| 100 | _aমাসুম, কাজী | ||
| 245 |
_aদুষ্টু ছেলের দল / _cকাজী মাসুম. |
||
| 260 |
_aঢাকা : _bমুক্তধারা, _c1977. |
||
| 300 |
_a104 p. : _billus., _c21 cm. |
||
| 500 | _aএন্ডি ব্লাইটনের 'সিকস ব্যাড বয়েজ' অনুসারে | ||
| 650 | _aBengali Short Soties | ||
| 942 |
_2ddc _cBK |
||